| 000 | 01195nac a22003617a 4500 | ||
|---|---|---|---|
| 001 | BR9801463 | ||
| 003 | BR-BrBNA | ||
| 005 | 20240105122109.0 | ||
| 008 | 230509b bl.|||m| |||| 00| 0 por d | ||
| 040 |
_aBR-BrBNA _bpor _cBiblioteca Nacional de Agricultura |
||
| 072 | _aF30 | ||
| 090 | _a0716 BR9801463 | ||
| 100 | 1 | _aBarbosa, W. | |
| 100 | 1 | _aOjima, M. | |
| 100 | 1 | _aCampo-Dall'Orto, F.A. | |
| 100 | 1 | _aRigitano, O. | |
| 100 | 1 | _aMartins, F.P. | |
| 100 | 1 | _aSantos, R.R. dos | |
| 100 | 1 | _aCastro, J.L. de | |
| 110 | 1 | _aInstituto Agronomico, Campinas, SP (Brasil) | |
| 245 | 1 | _aMelhoramento do pessegueiro para regioes de clima subtropical-temperado: realizacoes do instituto agronomico no periodo de 1950 a 1990 | |
| 260 | 3 |
_aCampinas, SP (Brasil): _c1997. |
|
| 300 | _a22 p. | ||
| 490 |
_aDocumentos - Instituto Agronomico (Brazil) _vno. 52 _xISSN 0102-4477 |
||
| 500 | _aBibliography p. 18-22; 5 tables; 5 illus.; Summaries (En, Pt) | ||
| 650 | _aPessego | ||
| 650 | _aMelhoramento Genetico Vegetal | ||
| 650 | _aClima Tropical | ||
| 650 | _aClima Temperado | ||
| 650 | _aSao Paulo | ||
| 909 |
_a202312 _bLúcia Elande _c55 _dLúcia Elande |
||
| 942 |
_2AGRIS _n0 _cMS |
||
| 999 |
_c289176 _d289176 |
||